| 000 | 00848cam a22002655a 4500 | ||
|---|---|---|---|
| 001 | 18210455 | ||
| 005 | 20201128021327.0 | ||
| 008 | 140702t2015 inua fr 001 0 eng d | ||
| 020 | _a9780789751546 (pbk.) | ||
| 020 | _a0789751542 (pbk.) | ||
| 040 |
_aYDXCP _beng _cYDXCP _dOCLCQ _dDLC _dEG-ScBUE |
||
| 082 | 0 | 4 |
_a658.872 _bHAY _222 |
| 100 | 1 |
_aHayden, Tim. _938317 |
|
| 245 | 1 | 4 |
_aThe mobile commerce revolution : _bbusiness success in a wireless world _cTim Hayden, Tom Webster. |
| 260 |
_aIndiana : _bQue, _cc.2015. |
||
| 300 |
_axvi, 181 p. : _bill. ; _c23 cm. |
||
| 490 | 0 | _aQue biz-tech series. | |
| 500 | _aIncludes index. | ||
| 650 | 7 |
_aMobile commerce. _2BUEsh _9836 |
|
| 650 | 7 |
_aTelemarketing. _2BUEsh _91654 |
|
| 651 | _2BUEsh | ||
| 653 |
_bBUSADM _cJune2015 _cAugust2015 |
||
| 655 |
_vreading book _934232 |
||
| 942 |
_2ddc _k658.872 HAY |
||
| 999 |
_c19836 _d19808 |
||